ბათუმის შოთა რუსთაველის სახელმწიფო უნივერსიტეტის ბიბლიოთეკა

ქართული სამართლის ძეგლები = Monuments of Georgian Law: (ბიბ.ჩანაწერი № 61528)

000 -ლიდერი
ფიქსირებული სიგრძის საკონტროლო ველი 01547nam a22002297a 4500
003 - საკონტროლო ნომრის იდენტიფიკატორი
საკონტროლო ველი Ge_BSU
005 - ბოლო ოპერაციის თარიღი და დრო
საკონტროლო ველი 20240321163653.0
008 - ფიქსირებული სიგრძის მონაცემთა ელემენტები - ზოგადი ინფორმაცია
ფიქსირებული სიგრძის საკონტროლო ველი 240321s2023ge xxu||||| |||| 00| 0 geo d
020 ## - წიგნის საერთაშორისო სტანდარტული ნომერი
International Standard Book Number 9789941985102
041 ## - ენის კოდი
Language code of text/sound track or separate title geo
080 ## - უნივერსალური ათობითი კლასიფიკაციის ინდექსი
Universal Decimal Classification number 34(479.22)(09) ქ-27
245 ## - ცნობა სათაურის შესახებ
Title ქართული სამართლის ძეგლები = Monuments of Georgian Law:
Remainder of title საკანონმდებლო ძეგლები: რვატორმულის დანართი /
Statement of responsibility, etc ტექსტი გამოსაცემად მოამზადა და შენიშვნები დაურთო ი. დოლიძემ; რედაქტორ - გამომცემელნი: ექვ. კოჭლამაზაშვილი, ნ. სურგულაძე;
264 ## - წარმოების, გამოცემის, დისტრიბუციის და სხვა ცნობები
გამოცემის, წარმოების, დისტრიბუციის... ადგილი თბილისი:
გამოცემის, წარმოების, დისტრიბუციის... სახელწოდება [გ.გ.],
გამოცემის, წარმოების, დისტრიბუციის... თარიღი 2023.
300 ## - ფიზიკური აღწერა
Extent 370 გვ:.
Other physical details 21 სმ.
653 ## - INDEX TERM--UNCONTROLLED
Uncontrolled term სამართალი.
653 ## - INDEX TERM--UNCONTROLLED
Uncontrolled term ქართული სამართალი
700 ## - ADDED ENTRY--PERSONAL NAME
Personal name კოჭლამაზაშვილი, ექვ.
Relator term რედაქტორ-გამომცემელი
9 (RLIN) 21529
700 ## - ADDED ENTRY--PERSONAL NAME
Personal name სურგულაძე, ნ
Relator term რედაქტორ-გამომცემელი
9 (RLIN) 7643
710 ## - ADDED ENTRY--CORPORATE NAME
Corporate name or jurisdiction name as entry element კორნელი კეკელიძის სახელობის საქართველოს ხელნაწერთა ეროვნული ცენტრი
9 (RLIN) 21530
773 ## - HOST ITEM ENTRY
Title ნაჩუქარი
942 ## - ADDED ENTRY ELEMENTS (KOHA)
Source of classification or shelving scheme
Koha item type წიგნი
ეგზემპლარები
ჩამოწერის სტატუსი დაკარგული ეგზემპლარის სტატუსი კლასიფიკაციის წყარო ან თაროზე გაწყობის სქემა დაზიანების სტატუსი არ გაიცემა მუდმივი მდებარეობა (დაცვის ადგილი) ამჟამინდელი ადგილსამყოფელი თაროზე განთავსების ადგილი შეძენის თარიღი ღირებულება, შესყიდვის ნორმალური ფასი სრული შენახვის შიფრი შტრიხკოდი ბოლო ოპერაციის თარიღი ეგზემპლარის მიმდევრობითი ნომერი (კეტერი?) ფასის ძალაში შესვლის თარიღი ეგზემპლარის სახეობა საჯარო შენიშვნა
          ბათუმის შოთა რუსთაველის სახელმწიფო უნივერსიტეტის მთავარი ბიბლიოთეკა ბათუმის შოთა რუსთაველის სახელმწიფო უნივერსიტეტის მთავარი ბიბლიოთეკა წიგნსაცავი 2024-03-21 10.00 34(479.22)(09) ქ-27 67700 2024-03-21 67700 2024-03-21 წიგნი 10.00